|
|
|
|
| LEADER |
01143nam a2200289 a 4500 |
| 001 |
16226866 |
| 008 |
120708s2009 xx a b 001 0 eng d |
| 010 |
|
|
|a 2009902793
|
| 020 |
|
|
|a 9780982085400
|
| 020 |
|
|
|a 0982085400
|
| 040 |
|
|
|a DLC
|c DLC
|d BD-DhAAL
|
| 082 |
0 |
0 |
|a 621.36/7
|2 22
|
| 100 |
1 |
|
|a Gonzalez, Rafael C.
|
| 245 |
1 |
0 |
|a Digital Image processing using MATLAB /
|c Rafael C. Gonzalez, Richard E. Woods, Steven L. Eddins.
|
| 250 |
|
|
|a 2nd ed.
|
| 260 |
|
|
|a [S.I.] :
|b Gatesmark Pub.,
|c c2009.
|
| 300 |
|
|
|a xviii, 826 p. :
|b ill. (some col.) ;
|c 25 cm.
|
| 504 |
|
|
|a Includes bibliographical references (p. 813-816) and index.
|
| 541 |
|
|
|a 00025564
|
| 650 |
|
0 |
|a Image processing
|x Digital techniques.
|
| 650 |
|
0 |
|a Image processing
|x Mathematics.
|
| 630 |
0 |
0 |
|a MATLAB.
|
| 700 |
1 |
|
|a Woods, Richard E.
|q (Richard Eugene),
|d 1954-
|
| 700 |
1 |
|
|a Eddins, Steven L.,
|d 1964-
|
| 852 |
1 |
|
|a Ayesha Abed Library
|j General shelf
|
| 999 |
|
|
|c 12526
|d 12526
|
| 952 |
|
|
|0 0
|1 0
|4 0
|6 621_367000000000000_GON
|7 0
|9 20684
|a BRACUL
|b BRACUL
|c GEN
|d 2012-07-08
|e Development Book Agency
|g 15850.00
|l 6
|m 28
|o 621.367 GON
|p 3010025564
|r 2018-04-26
|s 2018-01-31
|t 1
|w 2012-07-08
|y BK
|